| 000 | 00654nam a2200229 a 4500 | ||
|---|---|---|---|
| 005 | 20210219152956.0 | ||
| 008 | 991125n 000 0 u | ||
| 035 | _aUPN01000070176 | ||
| 100 | _aCuster, Rodney L. | ||
| 222 | _aJOURNAL OF VOCATIONAL EDUCATION RESEARCH | ||
| 245 | _aCritical skill clusters for vocational education | ||
| 300 | _a15-40 | ||
| 362 | _a17, No. 4, 1992 | ||
| 505 | _aOctubre 1993 | ||
| 653 | 0 | _aDESTREZA EN EL TRABAJO | |
| 653 | 0 | _aORIENTACION VOCACIONAL | |
| 653 | 0 | _aPOTENCIAL DEL EMPLEO | |
| 653 | 0 | _aRESULTADOS DE LA EDUCACION | |
| 700 | _aClaiborne, Daniel M. | ||
| 904 |
_aAC _b007987 |
||
| 905 | _aArticulo | ||
| 999 |
_c65265 _d65265 |
||